000 00372nam a22001337a 4500
020 _a0072400773
082 _222
_a302.224
100 _aGamble, Terikwal and Gamble Michacl,
245 _aCommunication works /
250 _a7th
260 _aMc graw Hill higher Education,
_bMc graw Hill higher Education,
_cc2002
300 _axxii,599 p, ;
_bNA
_c24cm.
942 _2ddc
_cIT
999 _c3564
_d3564